000 00937nam a2200289Ia 4500
005 20220316235245.0
008 121119s1999 ve a gr 000 j spa
020 _a9802572322
041 0 _aspa
100 1 _aUribe, Verónica,
_d1967-
245 1 3 _aEl mosquito zumbador
_cVerónica Uribe ; ilustraciones de Gloria Calderón
250 _aPrimera edición
264 1 _aCaracas
_bEdiciones Ekare
_c1999
300 _a28 páginas
_bilustraciones
_c19 cm.
336 _atexto
_btxt
_2rdacontent
337 _asin mediación
_bn
_2rdamedia
338 _avolumen
_bnc
_2rdacarrier
490 0 _aPonte poronte
650 1 4 _2LEMB
_aLiteratura infantil
_ySiglo XX
650 1 4 _2LEMB
_aCuentos infantiles chilenos
_ySiglo XX
650 1 4 _2LEMB
_aAnimales
_vCuentos
650 1 4 _2LEMB
_aHermanos
_vCuentos
700 1 _aCalderón, Gloria
_eilustrador
_9116956
942 _2loc
_cBKLIT
040 _aCO-BoRNBP
_bspa
_erda
_cCO-BoRNBP
084 _aC URI1
999 _c394
_d394